000 01052nam a2200301Ia 4500
001 Para_9349
003 CHAP
008 220125s2007 xx 000 0 und d
010 _a208047
040 _cCHAP
090 _aTESIS 2092
100 _aPérez Salinas, Iván de Jesús
_990008
245 _aControl químico de larvas de Plutella xylostella L. en el cultivo de brócoli (Brassica oleraceae L.) en el Municipio de San Juan Acozac, Puebla /
_c por Iván de Jesús Pérez Salinas
260 _aChapingo, Méx. :
_b el autor
300 _a47 h.
502 _aTesis (Ing. Agr. Esp. en Parasitología Agrícola) -- UACh. Departamento Parasitología Agrícola
650 _aBrócoli
_x plagas
_915546
650 _aLepidopteros
_966252
650 _aPlutella xylostella
_989328
710 _aUACh. Departamento Parasitología Agrícola
_9164025
901 _aTESIS 2092
902 _aM
905 _a0000002007 an 0000000000 00
910 _a2007
942 _cPARA
942 _cPARA
_d2
999 _c208047
_d208047